White book of Viet Nam information and communication technology 2017 : Information and statistical data
The White Book 2017 provides official statistical data and information on a number of areas managed by the Ministry, namely: information technology application, information technology industry, information security, telecommunications, internet,....
Saved in:
| Format: | Book |
|---|---|
| Language: | Vietnamese |
| Published: |
H.
Information and Communications publising house
2017
|
| Subjects: | |
| Tags: |
Add Tag
No Tags, Be the first to tag this record!
|
| Institutions: | Thư viện Trường Đại học Nam Cần Thơ |
|---|
| LEADER | 00998nam a22001817a 4500 | ||
|---|---|---|---|
| 001 | NCT_143267 | ||
| 008 | 221219b xxu||||| |||| 00| 0 vie d | ||
| 999 | |c 7376 |d 7376 | ||
| 020 | |a 9786048025038 |c 115000 | ||
| 082 | 0 | 4 | |2 23rd ed. |a 004.6 |b W582B |
| 245 | 0 | 0 | |a White book of Viet Nam information and communication technology 2017 : |b Information and statistical data |
| 260 | |a H. |b Information and Communications publising house |c 2017 | ||
| 300 | |a 78 p |b ill. |c 24cm | ||
| 520 | 3 | |a The White Book 2017 provides official statistical data and information on a number of areas managed by the Ministry, namely: information technology application, information technology industry, information security, telecommunications, internet,.... | |
| 653 | |a Công nghệ thông tin | ||
| 942 | |2 ddc |c BK | ||
| 952 | |0 0 |1 0 |2 ddc |4 0 |6 004_600000000000000_W582B |7 0 |9 26531 |a 000001 |b 000001 |d 2022-12-19 |o 004.6 W582B |p MD.20938 |r 2022-12-19 |v 115000.00 |w 2022-12-19 |y BK | ||
| 980 | |a Thư viện Trường Đại học Nam Cần Thơ | ||


